Comparing Countries Festivals And Celebrations (Record no. 587613)
[ view plain ]
| 000 -LEADER | |
|---|---|
| fixed length control field | 00404nam a22001457a 4500 |
| 020 ## - INTERNATIONAL STANDARD BOOK NUMBER | |
| International Standard Book Number | 9781445159980 |
| 040 ## - CATALOGING SOURCE | |
| Transcribing agency | NUST |
| 082 ## - DEWEY DECIMAL CLASSIFICATION NUMBER | |
| Classification number | 394.26 CRE |
| 100 ## - MAIN ENTRY--PERSONAL NAME | |
| Personal name | Crewe, Sabrina |
| 9 (RLIN) | 88398 |
| 110 ## - MAIN ENTRY--CORPORATE NAME | |
| Corporate name or jurisdiction name as entry element | Rehman, Sajjad |
| 9 (RLIN) | 89000 |
| 245 ## - TITLE STATEMENT | |
| Title | Comparing Countries Festivals And Celebrations |
| 260 ## - PUBLICATION, DISTRIBUTION, ETC. | |
| Place of publication, distribution, etc. | London: |
| Name of publisher, distributor, etc. | Franklin Watts, |
| Date of publication, distribution, etc. | 2018. |
| 650 ## - SUBJECT ADDED ENTRY--TOPICAL TERM | |
| Topical term or geographic name entry element | Festivals -- Juvenile literature. |
| 9 (RLIN) | 89001 |
| 942 ## - ADDED ENTRY ELEMENTS (KOHA) | |
| Source of classification or shelving scheme | |
| Koha item type | Book |
| Withdrawn status | Lost status | Source of classification or shelving scheme | Damaged status | Not for loan | Permanent Location | Current Location | Shelving location | Date acquired | Full call number | Barcode | Date last seen | Price effective from | Koha item type |
|---|---|---|---|---|---|---|---|---|---|---|---|---|---|
| College of Electrical & Mechanical Engineering (CEME) | College of Electrical & Mechanical Engineering (CEME) | General Stacks | 01/14/2022 | 394.26 CRE (KIDS SEC) | CEME-50569 | 01/14/2022 | 01/14/2022 | Book |
